00976cam a2200253 a 4500001000500000005001700005020001800022040002300040050001500063082001100078100002800089245013100117250004600248260003400294300004500328505000800373520012400381521002000505521002000525650004600545650004900591650004000640700004200680253620240105154946.0 a9780545639101 aDLCcDLCdDLCbeng00aTL793.G64500a629.451 aGoodman, Susan Ed1952-10aHow do you burp in space? :band other tips every space tourist needs to know /cSusan Goodman ; illustrated by Michael Slack aFirst Scholastic printing, September 2013 aNew York ;bScholastic,c2013 a71 pages :bcolor illustrations ;c24 cm aV  a"A non-fiction travel guide to space tourism that includes information about accommodations, attractions, and more." -- a830 bLexile  aV bRaz-Plus  0aManned space flightvJuvenile literature. 0aInterplanetary voyagesvJuvenile literature. 0aSpace tourismvJuvenile literature.1 aSlack, Michael Hd1969-eillustrator